000 01024nam a22003137a 4500
003 CHAP
005 20220329134525.0
008 971013s1974 r 00010 d
010 _a21610
011 _a22582
035 _a26677
040 _cCHAP
082 _a368.123
_bA7
110 _aAseguradora Nacional Agrícola y Ganadera, S.A. México. Biblioteca Especializada
_97888
245 _aCatálogo
260 _aMéxico, D.F.,
_c1974-
300 _av
500 _aLa biblioteca tiene: v.1, v.2
590 _aBATCH-UPD
_b10
_c20130110
_lUCH01
_h2246
590 _aBATCH-UPD
_b10
_c20130410
_lUCH01
_h1540
590 _aBATCH-UPD
_b10
_c20130914
_lUCH01
_h2017
590 _aCONVERSION
_b10
_c20130109
_lUCH01
_h1313
650 1 4 _aSeguro agrícola
_xBibliografía.
_9103694
650 1 4 _aSeguro ganadero
_xBibliografía.
_9103724
901 _aBK
942 _cLIBRO
949 _a368.123 A7
_bBC
_cC
_d33724000488250
_eC
_fv.2
_h41799
_i26677
_mD
_si
949 _a368.123 A7
_bBC
_cC
_d33724000488433
_eC
_fv.1
_h35721
_i26677
_mD
_si
999 _c21610
_d21610